| 000 | 00835nam a2200241 a 4500 | ||
|---|---|---|---|
| 005 | 20240808063759.0 | ||
| 008 | 190117s2016 mx r 000 0 spa d | ||
| 020 | _a9786073146173 | ||
| 035 | _aUPN01000228462 | ||
| 049 | _aCG | ||
| 050 | 4 |
_aHC29 _bR5.8 |
|
| 100 | 1 |
_aRigby, Rhymer _942487 |
|
| 245 | 1 | 0 |
_a28 Líderes de negocios que cambiaron al mundo : _bgurús empresariales que rompieron las reglas del juego y revolucionaron la forma de hacer negocios / _cRhymer Rigby ; tr. de Alejandra Ramos. |
| 260 |
_aMéxico : _bPenguin Random House, _c2016. |
||
| 300 | _a271 p. | ||
| 440 | 0 | _aBestseller | |
| 534 |
_pTítulo original: _t28 business thinkers who changed the world |
||
| 650 | 4 |
_aEMPRESARIOS - _vBIOGRAFIA _927348 |
|
| 650 | 4 |
_aAdministración _928 |
|
| 650 | 4 |
_aNegocios _98729 |
|
| 905 | _aLibro | ||
| 999 |
_c200557 _d200557 |
||